000 00354nam a2200145Ia 4500
008 230711s9999||||xx |||||||||||||| ||und||
041 _aENG
082 _a4
_bPI-P
100 _aPitale,RL
245 0 _aProject appraisal techniques
250 _a2nd
260 _c1982
_aNew Delhi
_bOxford University Press
650 _aComputer Engineering
942 _cBK
999 _c2293
_d2293